000
00305nam a2200121 a 4500
005
20140414132119.0
008
111123s19uu xx 00 eng d
050
_a
ER
_b
Y3 1996
100
_a
Blyton, Enid
245
_a
The yellow trumpets.
260
_a
Great Britain :
_b
Parragon,
_c
1996.
999
_c
115011
_d
115011